Statystyki dla Wyspy na Hawajach

Kliknij tutaj aby rozwiązać quiz!

Ogólne statystyki

  • Ten quiz został rozwiązany 25 razy
  • Średni wynik to 3 z 8

Odpowiedzi na mapie

Odpowiedzi skodowane kolorowo w zielono-czerwonej skali na mapie do tego quizu, zgodnie z poniższymi procentami.
 

Statystyki odpowiedzi

PseudonimPopulacjaNazwa% Poprawnych
Wielka Wyspa185 079Hawaiʻi
80%
Miejsce Spotkań953 207Oʻahu
80%
Wyspa Doliny144 444Maui
50%
Przyjazna Wyspa7 345Molokaʻi
40%
Wyspa Ogrodowa66 921Kauaʻi
30%
Wyspa Ananasowa3 135Lānaʻi
30%
Wyspa Docelowa0Kahoʻolawe
10%
Zakazana Wyspa170Niʻihau
10%

Rozkład punktacji

Percentyl według liczby udzielonych odpowiedzi

Procent ludzi z każdym wynikiem

Twoja historia wyników

Nie rozwiązałeś tego quizu